000
00326nam a22001457a 4500
003
SGT
082
_a
610.734
_b
C99B
100
_a
BASAVANTHAPPA, BT.
245
_a
COMMUNITY HEALTH NURSING
250
_a
1ST
260
_a
INDIA
_b
JAYPEE PUB
_c
1999
300
_a
737
650
_a
COMMUNITY HEALTH NURSING
942
_2
ddc
_c
BK
999
_c
20122
_d
20122